| 000 | 00911nam a22002417a 4500 | ||
|---|---|---|---|
| 005 | 20140313100409.0 | ||
| 008 | 140108b xxu||||| |||| 00| 0 eng d | ||
| 020 | _a9781781001257 | ||
| 050 |
_aHC 79 .E5 _b.In58 2013 |
||
| 245 |
_aInnovations in sustainable consumption : _bnew economics, socio-technical transitions and social practices / _ced. by Maurie J. Cohen, Halina Szejnwald Brown and Philip J. Vergragt. |
||
| 260 |
_aCheltenham, UK : _bEdward Elgar, _c2013. |
||
| 300 |
_axxi, 289 p. : _bill. ; _c24 cm. |
||
| 504 | _aIncludes Bibliographic References and Index. | ||
| 521 | _aBSBA | ||
| 650 | _aSustainable living. | ||
| 650 | _aHuman ecology. | ||
| 650 |
_aConsumption (Economics) _xEnvironmental aspects. |
||
| 700 |
_aCohen Maurie J. _eeditor. |
||
| 700 |
_aBrown, Halina Szejnwald _eeditor. |
||
| 700 |
_aVergragt, Philip J. _eeditor. |
||
| 942 |
_2lcc _cBK _kFOR |
||
| 999 |
_c25953 _d25953 |
||